000 00646nam a2200181Ia 4500
005 20260429112234.0
008 260429s9999||||xx |||||||||||||| ||und||
020 _a9788180314025
041 _aHindi
082 _a891.434
_bREZ
100 _aरज़ा, जाफ़र
245 0 _aभारतीय साहित्य में मुसलमानों का अवदान /
_cजाफ़र रज़ा
250 _a1st rev.
260 _aप्रयागराज :
_bलोकभारती प्रकाशन,
_c2024.
300 _a276 p.; Hb
650 _aहिन्दी साहित्य
942 _cTB
999 _c53060
_d53060